| 000 -LEADER |
| fixed length control field |
01295cam a2200337 a 4500 |
| 001 - CONTROL NUMBER |
| control field |
12945280 |
| 003 - CONTROL NUMBER IDENTIFIER |
| control field |
OSt |
| 005 - DATE AND TIME OF LATEST TRANSACTION |
| control field |
20140116120846.0 |
| 008 - FIXED-LENGTH DATA ELEMENTS--GENERAL INFORMATION |
| fixed length control field |
020925s2002 enka 001 0 eng |
| 010 ## - LIBRARY OF CONGRESS CONTROL NUMBER |
| LC control number |
2002512631 |
| 015 ## - NATIONAL BIBLIOGRAPHY NUMBER |
| National bibliography number |
GBA2-X6778 |
| 020 ## - INTERNATIONAL STANDARD BOOK NUMBER |
| International Standard Book Number |
0749438355 |
| 035 ## - SYSTEM CONTROL NUMBER |
| System control number |
(OCoLC)ocm49641279 |
| 040 ## - CATALOGING SOURCE |
| Original cataloging agency |
UKM |
| Transcribing agency |
UKM |
| Modifying agency |
DLC |
| 042 ## - AUTHENTICATION CODE |
| Authentication code |
lccopycat |
| 050 00 - LIBRARY OF CONGRESS CALL NUMBER |
| Classification number |
LC1090. I5553 2002 |
| 082 04 - DEWEY DECIMAL CLASSIFICATION NUMBER |
| Classification number |
370.116 |
| Edition number |
21 |
| 245 00 - TITLE STATEMENT |
| Title |
International education in practice : |
| Remainder of title |
dimensions for national & international schools / |
| Statement of responsibility, etc |
edited by Mary Hayden, Jeff Thompson, George Walker. |
| 260 ## - PUBLICATION, DISTRIBUTION, ETC. (IMPRINT) |
| Place of publication, distribution, etc |
London : |
| Name of publisher, distributor, etc |
Kogan Page ; |
| Place of publication, distribution, etc |
Sterling, VA : |
| Name of publisher, distributor, etc |
Stylus Pub., |
| Date of publication, distribution, etc |
2002. |
| 300 ## - PHYSICAL DESCRIPTION |
| Extent |
xviii, 222 p. : |
| Other physical details |
ill. ; |
| Dimensions |
24 cm. |
| 504 ## - BIBLIOGRAPHY, ETC. NOTE |
| Bibliography, etc |
Includes bibliographical references and index. |
| 650 #0 - SUBJECT ADDED ENTRY--TOPICAL TERM |
| Topical term or geographic name as entry element |
International schools. |
| 700 1# - ADDED ENTRY--PERSONAL NAME |
| Personal name |
Hayden, Mary. |
| 700 1# - ADDED ENTRY--PERSONAL NAME |
| Personal name |
Thompson, J. J. |
| Fuller form of name |
(John Jeffrey), |
| Dates associated with a name |
1938- |
| 700 1# - ADDED ENTRY--PERSONAL NAME |
| Personal name |
Walker, G. R. |
| Fuller form of name |
(George Robert), |
| Dates associated with a name |
1942- |
| 856 42 - ELECTRONIC LOCATION AND ACCESS |
| Materials specified |
Publisher description |
| Uniform Resource Identifier |
<a href="http://www.loc.gov/catdir/enhancements/fy0652/2002512631-d.html">http://www.loc.gov/catdir/enhancements/fy0652/2002512631-d.html</a> |
| 856 42 - ELECTRONIC LOCATION AND ACCESS |
| Materials specified |
Contributor biographical information |
| Uniform Resource Identifier |
<a href="http://www.loc.gov/catdir/enhancements/fy1102/2002512631-b.html">http://www.loc.gov/catdir/enhancements/fy1102/2002512631-b.html</a> |
| 906 ## - LOCAL DATA ELEMENT F, LDF (RLIN) |
| a |
7 |
| b |
cbc |
| c |
copycat |
| d |
2 |
| e |
ncip |
| f |
20 |
| g |
y-gencatlg |
| 942 ## - ADDED ENTRY ELEMENTS (KOHA) |
| Source of classification or shelving scheme |
|
| Koha item type |
Book |